000 01028nam a22002657a 4500
005 20240530110933.0
008 220221s2009 ua c g b 000 0 ara d
017 _bمصر. دار الكتب
040 _aEG-CaGPL
_cEG-CaGPL
082 0 4 _221
_a362.4 /
_bخ م
100 0 _aخالد صالح صالح محمود
245 1 2 _aمشكلات الممارسة المهنية للخدمة الاجتماعية بدور حضانة المعاقين /
_cخالد صالح صالح محمود
260 _aالاسكندرية :
_bالمكتب الجامعى الحديث ،
_c2009
300 _a138 ص ؛
_c24 سم
650 0 7 _aعلم الاجتماع
_2qrmak
650 0 7 _aالمعاقون
_2qrmak
650 0 7 _aالخدمة الاجتماعية
_2qrmak
650 0 7 _aالحقوق والوجبات
_2qrmak
650 0 7 _aالحضانة
_2qrmak
650 0 7 _aالاطفال المعوقين
_2qrmak
651 _2qrmak
653 _aذوو الهمم
942 _2ddc
_cBK
999 _c66694
_d66694